书目信息 |
| 题名: |
主体间性视野中的中国传统音乐文化教育
|
|
| 作者: | 崔学荣 著 | |
| 分册: | ||
| 出版信息: | 北京 人民出版社 2019 |
|
| 页数: | 284页 | |
| 开本: | 24cm | |
| 丛书名: | ||
| 单 册: | ||
| 中图分类: | G633.951.2 | |
| 科图分类: | ||
| 主题词: | 音乐教育--yin yue jiao yu--传统音乐--音乐文化--中小学 | |
| 电子资源: | ||
| ISBN: | 978-7-01-016132-7 | |
| 000 | 00855nam0 2200265 45 | |
| 001 | 012001012140 | |
| 005 | 20141123175255.0 | |
| 010 | @a978-7-01-016132-7@dCNY42.00 | |
| 099 | @aCAL 012017065545 | |
| 100 | @a20170104d2016 km y0chiy50 ea | |
| 101 | 0 | @achi |
| 102 | @aCN@b110000 | |
| 105 | @aah a 000yy | |
| 106 | @ar | |
| 200 | 1 | @a主体间性视野中的中国传统音乐文化教育@Azhu ti jian xing shi ye zhong de zhong guo chuan tong yin yue wen hua jiao yu@f崔学荣著 |
| 210 | @a北京@c人民出版社@d2019 | |
| 215 | @a284页@c图, 摹真@d24cm | |
| 300 | @a教育部人文社会科学规划课题 | |
| 320 | @a有书目(第265-282页) | |
| 606 | 0 | @a音乐教育@Ayin yue jiao yu@x传统音乐@x音乐文化@x中小学 |
| 690 | @aG633.951.2@v5 | |
| 701 | 0 | @a崔学荣@Acui xue rong@4著 |
| 801 | 0 | @aCN@b上海新华@c20191020 |
| 905 | @b1178615-8@dG633.951.2@e181@f4 | |
| 920 | @a211260@z1 | |
| 主体间性视野中的中国传统音乐文化教育/崔学荣著.-北京:人民出版社,2019 |
| 284页:图, 摹真;24cm |
| 教育部人文社会科学规划课题 |
| ISBN 978-7-01-016132-7:CNY42.00 |
| ● |
| 相关链接 |
|
|
|
|
正题名:主体间性视野中的中国传统音乐文化教育
索取号:G633.951.2/181
 
预约/预借
| 序号 | 登录号 | 条形码 | 馆藏地/架位号 | 状态 | 备注 |
| 1 | 1178615 | 211786156 | 第一样本阅览室/ [索取号:G633.951.2/181] | 在馆 | |
| 2 | 1178616 | 211786165 | 第四借阅区/ [索取号:G633.951.2/181] | 在馆 | |
| 3 | 1178617 | 211786174 | 第四借阅区/ [索取号:G633.951.2/181] | 在馆 | |
| 4 | 1178618 | 211786183 | 第四借阅区/ [索取号:G633.951.2/181] | 在馆 |